[Event "Capablanca Memorial op 51st"]
[Site "Varadero"]
[Date "2016.06.10"]
[Round "2"]
[White "De la Fe Almeida, Enmanuel Jesus"]
[Black "Perez Mederos, Raul"]
[Result "1-0"]
[WhiteElo "2270"]
[BlackElo "2219"]
[PlyCount "69"]
[EventDate "2016.06.09"]
[EventType "swiss"]
[EventRounds "10"]
[EventCountry "CUB"]
[SourceTitle "EXT 2017"]
[Source "ChessBase"]
[SourceDate "2016.10.25"]
[SourceVersion "1"]
[SourceVersionDate "2016.10.25"]
[SourceQuality "1"]

1. c4 d6 2. Nc3 e5 3. g3 Nd7 4. Bg2 g6 5. e3 Bg7 6. Nge2 Ne7 7. d4 0-0 8. 0-0 f5 9. b4 Nf6 10. c5 c6 11. Qb3+ Kh8 12. cxd6 Qxd6 13. dxe5 Qxe5 14. Bb2 Be6 15. Qc2 Nfd5 16. a3 Qc7 17. Nf4 Nxf4 18. exf4 Bf7 19. Nb5 Qb8 20. Rfe1 Ng8 21. Nd4 Re8 22. b5 cxb5 23. Nxb5 Rc8 24. Bxg7+ Kxg7 25. Qb2+ Kh6 26. Rad1 Rd8 27. Rc1 Rd7 28. Nd4 Qd6 29. Nf3 Qf6 30. Ne5 Re7 31. g4 Qb6 32. Nxf7+ Rxf7 33. g5+ Kh5 34. Qe2+ Kh4 35. Qf3 1-0

[Event "Guillermo Garcia Memorial op 24th"]
[Site "Santa Clara"]
[Date "2015.06.08"]
[Round "6"]
[White "Fuentes Dominguez, Felix"]
[Black "Perez Mederos, Raul"]
[Result "1-0"]
[WhiteElo "2317"]
[BlackElo "2192"]
[PlyCount "59"]
[EventDate "2015.06.03"]
[EventType "swiss"]
[EventRounds "9"]
[EventCountry "CUB"]
[SourceTitle "CBM 167 Extra"]
[Source "ChessBase"]
[SourceDate "2015.09.14"]
[SourceVersion "1"]
[SourceVersionDate "2015.09.14"]
[SourceQuality "1"]

1. e4 g6 2. d4 c6 3. c4 Bg7 4. Nc3 d6 5. Nf3 e5 6. Be2 Nd7 7. 0-0 Ngf6 8. Bg5 0-0 9. d5 h6 10. Bh4 cxd5 11. cxd5 a5 12. Nd2 Nc5 13. f3 Bd7 14. Bf2 Qb8 15. Bb5 Rc8 16. Qe2 Bf8 17. Bxd7 Nfxd7 18. Nb5 Be7 19. Nc4 Rf8 20. Be3 h5 21. Bh6 Re8 22. Rac1 Ra6 23. Rc2 Kh7 24. Bd2 Qd8 25. Qe3 Bf8 26. b3 Kg8 27. Qe2 Kg7 28. Bc3 Kg8 29. Qd2 Qh4 30. Nc7 1-0

[Event "Maria Teresa Mora Memorial IM2"]
[Site "Havana"]
[Date "2010.03.07"]
[Round "3"]
[White "Miranda Rodriguez, Tania"]
[Black "Perez Mederos, Raul"]
[Result "1/2-1/2"]
[WhiteElo "2122"]
[BlackElo "2191"]
[PlyCount "62"]
[EventDate "2010.03.05"]
[EventType "tourn"]
[EventRounds "13"]
[EventCountry "CUB"]
[SourceTitle "EXT 2019"]
[Source "ChessBase"]
[SourceDate "2018.10.10"]
[SourceVersion "1"]
[SourceVersionDate "2018.10.10"]
[SourceQuality "1"]

1. e4 c5 2. Nf3 Nc6 3. d4 cxd4 4. Nxd4 g6 5. c4 Bg7 6. Be3 Nf6 7. Nc3 0-0 8. Be2 d6 9. 0-0 Bd7 10. Rc1 Nxd4 11. Bxd4 Bc6 12. Qd3 a5 13. b3 Nd7 14. Bxg7 Kxg7 15. Qd4+ Kg8 16. f4 Qb6 17. Qxb6 Nxb6 18. Nd5 Bxd5 19. cxd5 Rac8 20. Bg4 f5 21. Bh3 Rxc1 22. Rxc1 fxe4 23. Be6+ Kg7 24. g3 g5 25. fxg5 e3 26. Rf1 e2 27. Re1 Kg6 28. h4 Rf3 29. Kg2 Rd3 30. Rxe2 Nxd5 31. Bxd5 Rxd5 1/2-1/2

[Event "Maria Teresa Mora Memorial IM2"]
[Site "Havana"]
[Date "2010.03.05"]
[Round "1"]
[White "Alvarez Morales, Dayana Giselle"]
[Black "Perez Mederos, Raul"]
[Result "0-1"]
[WhiteElo "2025"]
[BlackElo "2191"]
[PlyCount "80"]
[EventDate "2010.03.05"]
[EventType "tourn"]
[EventRounds "13"]
[EventCountry "CUB"]
[SourceTitle "EXT 2019"]
[Source "ChessBase"]
[SourceDate "2018.10.10"]
[SourceVersion "1"]
[SourceVersionDate "2018.10.10"]
[SourceQuality "1"]

1. e4 c5 2. Nf3 Nc6 3. d4 cxd4 4. Nxd4 g6 5. Nc3 Bg7 6. Nb3 Nf6 7. Bg5 d6 8. Be2 0-0 9. 0-0 a6 10. a4 Be6 11. Kh1 Na5 12. f4 Rc8 13. e5 Nxb3 14. cxb3 dxe5 15. fxe5 Nd5 16. Nxd5 Bxd5 17. Bf3 Bxf3 18. Qxf3 Rc6 19. Qe3 Re6 20. Bf4 Qb6 21. Qc3 Rc6 22. Qh3 Rc2 23. Bh6 Rxb2 24. Bxg7 Kxg7 25. Rf3 Qd4 26. Re1 Qxe5 27. Rfe3 Qf6 28. Qg3 Qd6 29. Qg5 h6 30. Qa5 Qc6 31. Qe5+ Qf6 32. Qc7 Qf2 33. Qe5+ Kg8 34. Rg3 Qf6 35. Qe3 Rf2 36. Kg1 Rf4 37. Rh3 h5 38. Qd3 e6 39. Qd7 Rd8 40. Qc7 Qd4+ 0-1

[Event "Havana Province-ch sf"]
[Site "Havana"]
[Date "2009.07.28"]
[Round "3"]
[White "Perez Mederos, Raul"]
[Black "Leon Valdes, Jony Wilson"]
[Result "1/2-1/2"]
[WhiteElo "2202"]
[BlackElo "2121"]
[PlyCount "42"]
[EventDate "2009.07.23"]
[EventType "swiss"]
[EventRounds "9"]
[EventCountry "CUB"]
[EventCategory "1"]
[SourceTitle "EXT 2018"]
[Source "ChessBase"]
[SourceDate "2017.10.13"]
[SourceVersion "1"]
[SourceVersionDate "2017.10.13"]
[SourceQuality "1"]

1. e4 e6 2. d3 d5 3. Nd2 c5 4. Ngf3 Nc6 5. g3 g6 6. Bg2 Bg7 7. 0-0 d4 8. a4 Nge7 9. Nc4 e5 10. Ne1 Be6 11. f4 f6 12. f5 Bf7 13. h4 Qd7 14. g4 0-0-0 15. Bh3 h6 16. b3 g5 17. hxg5 hxg5 18. Kg2 Kb8 19. Bd2 Nc8 20. Nf3 Bf8 21. Qe2 Bd6 1/2-1/2

[Event "Havana Guines"]
[Site "Havana"]
[Date "2000.??.??"]
[Round "2"]
[White "Diaz, Dagoberto"]
[Black "Perez Mederos, Raul"]
[Result "1-0"]
[WhiteElo "2145"]
[BlackElo "2225"]
[PlyCount "49"]
[EventDate "2000.??.??"]
[EventType "tourn"]
[EventRounds "9"]
[EventCountry "CUB"]
[SourceTitle "EXT 2003"]
[Source "ChessBase"]
[SourceDate "2002.11.25"]
[SourceVersion "1"]
[SourceVersionDate "2002.11.25"]
[SourceQuality "1"]

1. d4 g6 2. Nf3 Bg7 3. e4 d6 4. h3 Nf6 5. Nc3 0-0 6. Be3 c5 7. dxc5 Qa5 8. Nd2 Be6 9. cxd6 exd6 10. Nb3 Qc7 11. Be2 a6 12. Qd2 Re8 13. 0-0-0 Bxb3 14. axb3 Qa5 15. Kb1 Nc6 16. Qxd6 Nxe4 17. Nxe4 Rxe4 18. Rd5 Qd8 19. Qxd8+ Nxd8 20. Rd7 b5 21. Bf3 Rxe3 22. Bxa8 Re8 23. Rhd1 Ne6 24. Bd5 Bf6 25. Re1 1-0

[Event "Havana Guines"]
[Site "Havana"]
[Date "2000.??.??"]
[Round "5"]
[White "Perez Mederos, Raul"]
[Black "Sanchez Cabrera, Circe"]
[Result "1-0"]
[WhiteElo "2225"]
[BlackElo "2100"]
[PlyCount "74"]
[EventDate "2000.??.??"]
[EventType "tourn"]
[EventRounds "9"]
[EventCountry "CUB"]
[SourceTitle "EXT 2003"]
[Source "ChessBase"]
[SourceDate "2002.11.25"]
[SourceVersion "1"]
[SourceVersionDate "2002.11.25"]
[SourceQuality "1"]

1. e4 e5 2. Nf3 d6 3. d4 Nd7 4. Bc4 c6 5. Nc3 Be7 6. a4 Ngf6 7. 0-0 0-0 8. Re1 h6 9. Qe2 Nh7 10. h3 Kh8 11. Be3 f5 12. dxe5 fxe4 13. exd6 exf3 14. dxe7 Qxe7 15. Qf1 Qh4 16. g3 Qh5 17. Be6 Ne5 18. Bxc8 Raxc8 19. a5 Ng5 20. Bxg5 Qxg5 21. Ne4 Qh5 22. Ra3 Ng6 23. Kh2 Rcd8 24. c4 Rd4 25. c5 Qd5 26. Rae3 Kh7 27. a6 bxa6 28. Qxa6 Rb8 29. Qxa7 Rf8 30. Qc7 Qc4 31. Kg1 Qc2 32. h4 Rd1 33. h5 Nh8 34. Qe5 Qc4 35. Nd6 Qc1 36. Ne8 Rf7 37. Nd6 Rf8 1-0

[Event "Havana Guines"]
[Site "Havana"]
[Date "2000.??.??"]
[Round "4"]
[White "Tamarit Beltran, Jesus"]
[Black "Perez Mederos, Raul"]
[Result "1/2-1/2"]
[WhiteElo "2195"]
[BlackElo "2225"]
[PlyCount "40"]
[EventDate "2000.??.??"]
[EventType "tourn"]
[EventRounds "9"]
[EventCountry "CUB"]
[SourceTitle "EXT 2003"]
[Source "ChessBase"]
[SourceDate "2002.11.25"]
[SourceVersion "1"]
[SourceVersionDate "2002.11.25"]
[SourceQuality "1"]

1. Nf3 c5 2. e4 d6 3. Bc4 Nf6 4. e5 dxe5 5. Nxe5 e6 6. Qe2 Be7 7. b3 0-0 8. Bb2 Qc7 9. Nc3 Nc6 10. Nxc6 Qxc6 11. 0-0 a6 12. a4 b6 13. Bd3 Bb7 14. f4 Rfe8 15. Rae1 Bd6 16. Ne4 Nxe4 17. Bxe4 Qxe4 18. Qxe4 Bxe4 19. Rxe4 f6 20. g3 Kf7 1/2-1/2